000 01149cam a2200325 a 4500
001 17390518
003 OSt
005 20230602103652.0
008 120718s2012 xxka 000 0 eng
010 _a 2012311582
020 _a9781908531216
040 _aDLC
_cDLC
_dDLC
042 _alcode
_apcc
043 _af-ke---
082 _a920
_bMIG
100 1 _aMiguna, Miguna.
245 1 0 _aPeeling back the mask :
_ba quest for justice in Kenya /
_cMiguna Miguna.
260 _a[London, United Kingdom] :
_bGilgamesh Africa,
_c2012.
300 _axxiii, 588 p. :
_bcol. ill. ;
_c24 cm.
600 1 0 _aOdinga, Raila Amolo,
_d1945-
600 1 0 _aMiguna, Miguna.
610 2 0 _aOrange Democratic Movement (Kenya)
650 0 _aCoalition governments
_zKenya.
650 0 _aPolitical corruption
_zKenya.
651 0 _aKenya
_xPolitics and government
_y21st century.
856 4 1 _3Table of contents only
_uhttp://www.loc.gov/catdir/toc/fy13pdf02/2012311582.html
906 _a7
_bcbc
_corigode
_d2
_encip
_f20
_gy-gencatlg
942 _2ddc
_cBK
999 _c63
_d63